| 000 | 00523nam a2200193 i 4500 | ||
|---|---|---|---|
| 001 | bgj | ||
| 100 | 1 |
_aDostoevskij, Fëdor Mihajlovič _d(1821-1881). |
|
| 245 | 1 | 0 |
_aThe Idiot / _cFyodor Dostoevsky. |
| 260 |
_aWare, UK : _bWordsworth Classics, _c1996. |
||
| 300 |
_a[3], 578 pp ; _c20 cm. |
||
| 650 | 9 | _aNon-English literature | |
| 650 | 9 | _aRussian literature | |
| 020 | _a1853261750 | ||
| 040 | _cBPK | ||
| 041 | 0 |
_aeng _hrus |
|
| 920 | _a1-85326-175-0 | ||
| 942 | _cKS | ||
| 008 | s uk f |000 0 eng | ||
| 999 |
_c49111 _d49111 |
||
| 856 |
_uhttp://koha.tu.koszalin.pl/cgi-bin/koha/opac-detail.pl?biblionumber=49111 _yKatalog online BPK |
||